000 00417nam a2200181Ia 4500
005 20250423095908.0
008 250422s9999 xx 000 0 und d
020 _a3-540-42088-6
050 _aQA 76.73.J38 .S785/
100 _aRobert F. Stark
245 0 _aJava and the Java Machine
260 _aNew York
260 _bSpringer
260 _c2001
300 _a381 p
650 _aMathematics
942 _cBK
999 _c31656
_d31656